La Chavala (Record no. 158073)

MARC details
000 -LEADER
campo de control de longitud fija 01138nam a22002415i 4500
001 - NÚMERO DE CONTROL
campo de control 158073
003 - IDENTIFICADOR DE NÚMERO DE CONTROL
campo de control ES-MaACL
005 - FECHA Y HORA DE LA ÚLTIMA TRANSACCIÓN
campo de control 20250902063111.0
008 - DATOS DE LONGITUD FIJA--INFORMACIÓN GENERAL
campo de control de longitud fija 940202s1898 sp |||| | spa d
040 ## - FUENTE DE CATALOGACIÓN
Centro catalogador/agencia de origen CAM
Lengua de catalogación spa
100 1# - ENTRADA PRINCIPAL--NOMBRE DE PERSONA
Nombre de persona López Silva, José,
Fechas asociadas al nombre 1861-1925
9 (RLIN) 73986
245 13 - MENCIÓN DEL TÍTULO
Título La Chavala
Resto del título : zarzuela en un acto dividido en siete cuadros /
Mención de responsabilidad, etc. original de José López Silva y Carlos Fernández Shaw ; música del maestro Ruperto Chapí.
260 ## - PUBLICACIÓN, DISTRIBUCIÓN, ETC.
Lugar de publicación, distribución, etc. Madrid :
Nombre del editor, distribuidor, etc. [Arregui y Aruej],
Fecha de publicación, distribución, etc. 1898 (
Fabricante Imp. R. Velasco)
300 ## - DESCRIPCIÓN FÍSICA
Extensión 61 p. ;
Dimensiones 19 cm.
490 1# - MENCIÓN DE SERIE
Mención de serie Biblioteca lirico-dramatica y teatro cómico
500 ## - NOTA GENERAL
Nota general En port.: Estrenada en el teatro de Apolo la noche del 28 de octubre de 1898.
500 ## - NOTA GENERAL
Nota general Solo la letra.
700 1# - ENTRADA AGREGADA--NOMBRE PERSONAL
Nombre de persona Fernández-Shaw, Carlos,
Fechas asociadas al nombre 1865-1911
9 (RLIN) 50098
700 1# - ENTRADA AGREGADA--NOMBRE PERSONAL
Nombre de persona Chapí, Ruperto,
Fechas asociadas al nombre 1851-1909
9 (RLIN) 38014
830 00 - PUNTO DE ACCESO ADICIONAL DE SERIE-TÍTULO UNIFORME
Título uniforme Biblioteca lirico-dramática y teatro cómico
9 (RLIN) 188056
852 ## - LOCALIZACIÓN
Ubicación ES-MaACL
Número de control de estantería F-8635(7)
Nota libre -- Enc. pasta española conservando la cub. original
-- -- -Enc. en un vol. facticio formando parte de la col. facticia "Teatro español moderno", vol. 90
Holdings
Estatus retirado Estado de pérdida Estado de daño No para préstamo Colección Biblioteca de origen Biblioteca actual Ubicación en estantería Fecha de adquisición Total de préstamos Signatura topográfica completa Código de barras Visto por última vez Precio de reemplazo Tipo de ítem Koha
        Libros del s. XIX Biblioteca del Ateneo de Madrid Biblioteca del Ateneo de Madrid Sala Pecera Planta 2 17/01/2008   F-8635(7) 1165437 23/02/2023 23/02/2023 Libro impreso antiguo